|
|
|
|
| LEADER |
01317nam a2200385 a 4500 |
| 001 |
000528886 |
| 003 |
CZ BrMZK |
| 005 |
20211202163312.0 |
| 007 |
ta |
| 008 |
010907s2000 xr e f slo d |
| 015 |
|
|
|a cnb000970213
|
| 020 |
|
|
|a 80-7181-372-9
|
| 040 |
|
|
|a BOA001
|b cze
|
| 072 |
|
7 |
|a 636
|x Chov zvířat. Živočišná výroba
|2 Konspekt
|9 24
|
| 080 |
|
|
|a 636.68
|2 MRF
|
| 080 |
|
|
|a 636.08
|2 MRF
|
| 080 |
|
|
|a (035)
|2 MRF
|
| 100 |
1 |
|
|a Kolar, Kurt,
|d 1933-1999
|7 jn20001005556
|4 aut
|
| 245 |
1 |
0 |
|a Andulky /
|c Kurt Kolar ; fotografie Regina Kuhnová a Franz Pfeffer ; kresby Siegfried Lokau
|
| 250 |
|
|
|a Slov. vyd. 1.
|
| 260 |
|
|
|a Praha :
|b Cesty,
|c 2000
|
| 300 |
|
|
|a 47 s. :
|b il. (větš. barev.) ;
|c 23 cm
|
| 490 |
1 |
|
|a Zvieratá u nás doma
|
| 504 |
|
|
|a Obsahuje rejstřík
|
| 650 |
0 |
7 |
|a andulka vlnkovaná
|7 ph114044
|2 czenas
|
| 650 |
0 |
7 |
|a chov domácích zvířat
|7 ph119200
|2 czenas
|
| 655 |
|
7 |
|a příručky
|7 fd133209
|2 czenas
|
| 700 |
1 |
|
|a Kuhn, Regina
|7 xx0044700
|4 pht
|
| 700 |
1 |
|
|a Lokau, Siegfried
|7 ola2007364687
|4 ill
|
| 700 |
1 |
|
|a Pfeffer, Franz
|7 pag2009515302
|4 pht
|
| 765 |
0 |
|
|t Wellensittiche
|
| 830 |
|
0 |
|a Zvieratá u nás doma
|
| 910 |
|
|
|a BOA001
|b 2-1075.977
|
| 990 |
|
|
|a BK
|
| 996 |
6 |
|
|b 2610119639
|c 2-1075.977
|l MZK
|r Sklad / do 1 hodiny
|n 3
|p p.v.
|w 000528886
|u 000010
|a 1
|e BOA001
|j MZK50
|s P
|